Biochemistry : (Record no. 143490)

MARC details
000 -LEADER
fixed length control field 00804cam a2200265 4500
008 - FIXED-LENGTH DATA ELEMENTS--GENERAL INFORMATION
fixed length control field
020 ## - INTERNATIONAL STANDARD BOOK NUMBER
International Standard Book Number 0805398503 (pbk.)
049 ## - LOCAL HOLDINGS (OCLC)
Holding library MAIN
090 ## - LOCALLY ASSIGNED LC-TYPE CALL NUMBER (OCLC); LOCAL CALL NUMBER (RLIN)
Classification number (OCLC) (R) ; Classification number, CALL (RLIN) (NR) QP514.2
Local cutter number (OCLC) ; Book number/undivided call number, CALL (RLIN) BIO
003 - CONTROL NUMBER IDENTIFIER
control field
005 - DATE AND TIME OF LATEST TRANSACTION
control field 20230123133137.0
040 ## - CATALOGING SOURCE
Transcribing agency NUST
100 ## - MAIN ENTRY--PERSONAL NAME
Personal name Hood, Leroy E.
245 00 - TITLE STATEMENT
Title Biochemistry :
Remainder of title a problems approach /
Statement of responsibility, etc. [by] William B. Wood... [et al.]
260 ## - PUBLICATION, DISTRIBUTION, ETC.
Place of publication, distribution, etc. Menlo Park :
Name of publisher, distributor, etc. W. A. Benjamin,
Date of publication, distribution, etc. [1974]
300 ## - PHYSICAL DESCRIPTION
Extent xii, 511 p. :
Other physical details ill. ;
Dimensions 24 cm.
504 ## - BIBLIOGRAPHY, ETC. NOTE
Bibliography, etc. note Includes bibliographical references.
650 #0 - SUBJECT ADDED ENTRY--TOPICAL TERM
Topical term or geographic name entry element Biochemistry
General subdivision Problems, exercises, etc.
650 #2 - SUBJECT ADDED ENTRY--TOPICAL TERM
Topical term or geographic name entry element Biochemistry.
700 ## - ADDED ENTRY--PERSONAL NAME
Personal name Benbow, Robert H.
700 ## - ADDED ENTRY--PERSONAL NAME
Personal name Wilson, John H.
700 1# - ADDED ENTRY--PERSONAL NAME
Personal name Wood, William Barry.
907 ## - LOCAL DATA ELEMENT G, LDG (RLIN)
a .b10020871
b 06-12-12
c 17-04-03
942 ## - ADDED ENTRY ELEMENTS (KOHA)
Koha item type Ordinary Loan Books
Call number prefix QP514.2
Call number suffix BIO
Holdings
Date last seen Total Checkouts Full call number Barcode Cost, replacement price Price effective from Koha item type Lost status Source of classification or shelving scheme Damaged status Not for loan Collection Withdrawn status Home library Current library Shelving location Date acquired Cost, normal purchase price
01/23/2023 19 QP514.2 HOO 92003006996 80.00 01/23/2023 BOOKS   LCC     NFIC   MAIN MAIN GEN 01/23/2023 80.00